Out the door /

Follows a girl through her day in a busy city as she travels to school and back again.

Bibliographic Details
Main Author: Hale, Christy (Author, Illustrator)
Format: Book
Language:English
Published: New York : Neal Porter Books/Holiday House, [2020]
Edition:First edition.
Subjects:

MARC

Tag First Indicator Second Indicator Subfields
LEADER 00000cam a22000008i 4500
001 in00004413613
005 20210311103904.0
008 190909s2020 nyua b 000 1 eng
010 |a  2019033882 
035 |a (OCoLC)on1119122114 
040 |a DLC  |b eng  |e rda  |c DLC  |d BDX  |d TOH  |d UAP  |d OI6  |d NZ1  |d OCLCF  |d UKMGB  |d OCLCO  |d EHH  |d YDX 
015 |a GBC0H2426  |2 bnb 
016 7 |a 019999747  |2 Uk 
020 |a 9780823446445  |q (hardcover) 
020 |a 0823446441  |q (hardcover) 
024 8 |a 40030275363 
035 |a (OCoLC)1119122114 
042 |a lcac  |a pcc 
050 0 0 |a PZ7.1.H2527  |b Ou 2020 
082 0 0 |a [E]  |2 23 
049 |a TXAM 
100 1 |a Hale, Christy,  |e author,  |e illustrator. 
245 1 0 |a Out the door /  |c Christy Hale. 
250 |a First edition. 
263 |a 2009 
264 1 |a New York :  |b Neal Porter Books/Holiday House,  |c [2020] 
264 4 |c ©2020 
300 |a 1 volume (unpaged) :  |b color illustrations ;  |c 29 cm 
336 |a text  |b txt  |2 rdacontent 
336 |a still image  |b sti  |2 rdacontent 
337 |a unmediated  |b n  |2 rdamedia 
338 |a volume  |b nc  |2 rdacarrier 
521 1 |a Ages 3-6.  |b Holiday House. 
521 2 |a Grades K-1.  |b Holiday House. 
520 |a Follows a girl through her day in a busy city as she travels to school and back again. 
650 0 |a City and town life  |v Juvenile fiction. 
650 0 |a Families  |v Juvenile fiction. 
650 0 |a English language  |x Prepositions  |v Juvenile fiction. 
650 1 |a City and town life  |v Fiction. 
650 1 |a Families  |v Fiction. 
650 1 |a English language  |x Prepositions  |v Fiction. 
650 7 |a JUVENILE FICTION / General.  |2 bisacsh 
650 7 |a City and town life.  |2 fast  |0 (OCoLC)fst00862081 
650 7 |a English language  |x Prepositions.  |2 fast  |0 (OCoLC)fst00911530 
650 7 |a Families.  |2 fast  |0 (OCoLC)fst01728849 
655 0 |a Picture books for children. 
655 7 |a Fiction.  |2 fast  |0 (OCoLC)fst01423787 
655 7 |a Juvenile works.  |2 fast  |0 (OCoLC)fst01411637 
655 7 |a Picture books.  |2 fast  |0 (OCoLC)fst01726789 
655 7 |a Children's stories  |v Pictorial works.  |2 gsafd 
655 7 |a Picture books.  |2 lcgft 
945 |b 738938 
947 |a A14850722258 
994 |a 92  |b TXA 
948 |a cataloged  |b h  |c 2021/03/11  |d c  |e jlanham  |f 10:38:58 am 
999 f f |s 89fb68c3-293e-3f91-aa8d-62ba5719cad2  |i 00bdcbbe-aaec-30f6-8c93-1ddb74ffc2a5  |t 0 
952 f f |p normal  |a Texas A&M University  |b College Station  |c Sterling C. Evans Library  |d Evans: Curriculum Collection (4th floor)  |t 0  |e PZ7.1.H2527 Ou 2020  |h Library of Congress classification  |i unmediated -- volume  |m A14850722258 
998 f f |a PZ7.1.H2527 Ou 2020  |t 0  |l Evans: Curriculum Collection (4th floor)